000
00225nam a2200097Ia 4500
008
220204s9999 xx 000 0 und d
082
_a
82-3
_b
MAC
100
_a
MacDonald, John D
245
0
_a
Tan and sandy silence
942
_c
BK
999
_c
33789
_d
33789